000 00353nam a2200133Ia 4500
008 240624s9999 xx 000 0 und d
041 _aeng
082 _a658.3 DEC
100 _aDECENZO DAVID A
245 _aPERSONNEL HUMAN RESOURCE MANAGEMENT
250 _a(3rd ed.)
260 _c2003
_aNew Delhi
_bPrentice-Hall
300 _axvii, : 637 : p. : cm. ; 24
999 _c4897
_d4897